Score 0/11 Timer 01:00
2 Plays Today
Clue 4-Letter Word % Correct
Location for a hockey gameRINK
92.6%
Valuable type of furMINK
88.8%
Singer Springfield or AstleyRICK
87.4%
'___ Who's Talking Too'LOOK
87%
2nd highest grain in world productionRICE
83.2%
TV Detective played by Tony ShalhoubMONK
75.4%
Gated part of a canalLOCK
70.1%
5th largest French cityNICE
68.8%
Bird on the Canadian dollar LOON
68.4%
'___ Turtle Soup'MOCK
64%
3rd largest French cityLYON
41%

Today's Daily Dose

Remove Ads.
Support Sporcle.
Get the best of Sporcle when you Go Orange. This ad-free experience offers more features, more stats, and more fun while also helping to support Sporcle. Thank you for becoming a member.

You're not logged in!

Compare scores with friends on all Sporcle quizzes.
OR
Log In

Show Comments

Extras

Top Quizzes Today


Score Distribution

Your Account Isn't Verified!

In order to create a playlist on Sporcle, you need to verify the email address you used during registration. Go to your Sporcle Settings to finish the process.

Report this User

Report this user for behavior that violates our Community Guidelines.

Details: